Quiz fiumi più lunghi d'Italia - Statistics

Statistiche generali
  • Questo quiz è stato fatto 96 volte
  • Il punteggio medio è 7 su 10
Statistiche sulle risposte
Hint Risposta % Corretto
652 km Po
100%
406 km Tevere
90%
241 km Arno
88%
410 km Adige
86%
313 km Adda
71%
220 km Piave
58%
280 km Oglio
49%
276 km Tanaro
45%
212 km Reno
36%
178 km Tagliamento
35%
Nessun quiz corrispondente trovato
Distribuzione punteggi
Percentuale di utenti per punteggio
Percentile per numero di risposta
I tuoi punteggi nel tempo
Non hai fatto questo quiz